Mice developmental tissue expression profiles / (Record no. 234519)

MARC details
000 -LEADER
fixed length control field 00553nam a22001697a 4500
003 - CONTROL NUMBER IDENTIFIER
control field OSt
005 - DATE AND TIME OF LATEST TRANSACTION
control field 20250624120432.0
008 - FIXED-LENGTH DATA ELEMENTS--GENERAL INFORMATION
fixed length control field 250624b |||||||| |||| 00| 0 eng d
040 ## - CATALOGING SOURCE
Transcribing agency AIMIT LIBRARY
100 ## - MAIN ENTRY--PERSONAL NAME
Personal name M, Prathyush.
Relator term 221808
9 (RLIN) 215884
245 ## - TITLE STATEMENT
Title Mice developmental tissue expression profiles /
Statement of responsibility, etc. By Prathyush, M.
260 ## - PUBLICATION, DISTRIBUTION, ETC.
Place of publication, distribution, etc. Mangalore.
Date of publication, distribution, etc. 2024.
700 ## - ADDED ENTRY--PERSONAL NAME
Personal name N, Hemalatha.
Relator term Mentor
9 (RLIN) 215885
700 ## - ADDED ENTRY--PERSONAL NAME
Personal name Acharya, Kshithish.
Relator term Guide
9 (RLIN) 215886
856 ## - ELECTRONIC LOCATION AND ACCESS
Materials specified Shodhaka Life Science Pvt Ltd, Bangalore
Uniform Resource Identifier <a href="https://www.shodhaka.net/">https://www.shodhaka.net/</a>
942 ## - ADDED ENTRY ELEMENTS (KOHA)
Source of classification or shelving scheme Dewey Decimal Classification
Koha item type Project Report
Holdings
Withdrawn status Lost status Source of classification or shelving scheme Damaged status Not for loan Collection code Home library Current library Date acquired Total Checkouts Barcode Date last seen Copy number Uniform Resource Identifier Price effective from Koha item type
    Dewey Decimal Classification   Not for loan MSc Bioinformatics St Aloysius Institute of Management & Information Technology St Aloysius Institute of Management & Information Technology 07/30/2024   PBI00164 06/24/2025 221808 https://www.shodhaka.net/ 06/24/2025 Project Report